It looks like you're offline.
Open Library logo
additional options menu

MARC Record from Talis

Record ID talis_openlibrary_contribution/talis-openlibrary-contribution.mrc:3023700511:618
Source Talis
Download Link /show-records/talis_openlibrary_contribution/talis-openlibrary-contribution.mrc:3023700511:618?format=raw

LEADER: 00618nam a22001692a 4500
001 7e32d7bfcdc14e61bd2459213b7447cd
003 UK-BiTAL
005 20050706034149.0
008 871209s1985 xxk | 000 ||eng|d
035 $a()w4041881
040 $aML$cML$dUK-BiTAL
100 1 $aMoore, Henry,$d1898-
245 10 $aHenry Moore :$bsculpture in the making.
260 $aLeeds :$bHenry Moore Centre for the Study of Sculpture,$c1985.
300 $a(40)p. :$bill.
500 $aA pictorial anthology published on the occasion of the exhibition at Leeds City Art Gallery 24 November 1984 to 6 January 1985.
600 14 $aMoore, Henry,$d1898-